000 01767cam a22005054i 4500
003 PE-LiUPU
005 20250731173052.0
008 180307s2017 ne 0 rb 001 0 eng d
020 _a9789004352186
035 _a(Sirsi) a241423
040 _aPE-LiUPU
_bspa
_cPE-LiUPU
_erda
049 _aPRUA
082 0 4 _a201.77
_bE2
_223
245 0 0 _aEcowomanism, religion, and ecology /
_cedited by Melanie L. Harris.
264 1 _aBoston :
_bBrill,
_c2017.
300 _a92 páginas ;
_c24 centímetros
336 _atext
_2rdacontent
337 _aunmediated
_2rdamedia
338 _avolume
_2rdacarrier
504 _aBibliografía : al final de cada capitulo.
504 _aIndice : páginas 87-92.
505 0 _aEcowomanism -- Nankani women´s spirituality and ecology -- Turning weapons into flowers -- Seeds of light, flowers of power, fruits of change -- Between dishwater and the river -- Afro-brazilian religion. resistance and environmental ethics.
526 _aSEG42
526 _aSEG41
526 _aSEG40
526 _aSEG39
526 _aP94
526 _aP87
526 _aP86
526 _aP85
526 _aP77
526 _aP76
526 _aP35
650 0 4 _aEcología humana
_xAspectos religiosos.
650 0 4 _aEcoteología.
650 0 4 _aTeología mujerista.
650 0 4 _aMujerismo.
700 1 _aHarris, Melanie L.,
_eeditor.
910 _aadbm
_bksl
_cksl
_d20180302
942 _2ddc
_cBOOK
994 _aC0
_bPEPRU
596 _a1
999 _a201.77 E2
_wLC
_c27061
_i78132
_f2021-11-9
_g4
_lCCODEBUL1
_mBUL
_p47.70
_r0
_sY
_tBOOK
_u2018-3-7
_xTEOLOGIA
_PP35
_0COMPRA
_1FCOMPRA
_o.STAFF. Colección Teología
_d27061
980 _81
_gALBERTO SANCHEZ Responsable de Automatización